[Event "UZB-ch Men Final 2019"]
[Site "Tashkent"]
[Date "2019.07.12"]
[Round "11.1"]
[White "Vokhidov, Shamsiddin"]
[Black "Nigmatov, Ortik"]
[Result "*"]
[WhiteElo "2515"]
[BlackElo "2488"]
[Annotator "TA"]
[PlyCount "40"]
[EventDate "2019.07.02"]
[EventType "tourn"]
[EventCountry "UZB"]
[SourceTitle "playchess.com"]
[Source "ChessBase"]
[SourceQuality "1"]

{[%evp 19,25,56,49,46,43,43,52,50]} 1. d4 Nf6 2. c4 g6 3. Nc3 Bg7 4. e4 d6 5. Be2 O-O 6. Bg5 c5 7. d5 h6 8. Bf4 e6 9. dxe6 Bxe6 10. Bxd6 Re8 {White is slightly better.} 11. e5 {E74: King's Indian: Averbakh Variation: 6...c5} Nfd7 12. f4 $1 g5 13. Qb3 {[#]} {Predecessor:} Nc6 $146 14. Qxb7 Nd4 15. O-O-O gxf4 16. Nf3 Qb6 17. Qe4 Nxe2+ 18. Nxe2 Qa6 19. Nxf4 Qxa2 20. Nxe6 fxe6 {½-½ (43) Thejkumar,M (2500)-Karthikeyan,M (2585) Bhubaneswar 2018} *

[Event "UZB-ch Men Final 2019"]
[Site "Tashkent"]
[Date "2019.07.12"]
[Round "11.1"]
[White "Vokhidov, Shamsiddin"]
[Black "Nigmatov, Ortik"]
[Result "0-1"]
[WhiteElo "2515"]
[BlackElo "2488"]
[Annotator "ChessBase"]
[PlyCount "100"]
[EventDate "2019.07.02"]
[EventType "tourn"]
[EventCountry "UZB"]
[SourceTitle "playchess.com"]
[Source "ChessBase"]
[SourceQuality "1"]
[TimeControl "5400+30"]

1. d4 {[%emt 0:00:00]} Nf6 {[%emt 0:00:00]} 2. c4 {[%emt 0:00:00]} g6 {[%emt 0:01:54]} 3. Nc3 {[%emt 0:00:00]} Bg7 {[%emt 0:00:03]} 4. e4 {[%emt 0:00:00]} d6 {[%emt 0:00:04]} 5. Be2 {[%emt 0:00:00]} O-O {[%emt 0:00:14]} 6. Bg5 {[%emt 0:00:00]} c5 {[%emt 0:01:15]} 7. d5 {[%emt 0:00:05]} h6 {[%emt 0:00:06]} 8. Bf4 {[%emt 0:00:05]} e6 {[%emt 0:08:10]} 9. dxe6 {[%emt 0:00:16]} Bxe6 {[%emt 0:00:08]} 10. Bxd6 {[%emt 0:00:05]} Re8 {[%emt 0:03:36]} 11. e5 {[%emt 0:00:15]} Nfd7 {[%emt 0:02:18]} 12. f4 {[%emt 0:00:38]} g5 {[%emt 0:17:35]} 13. Qb3 {[%emt 0:07:59]} Nc6 {[%emt 0:08:12]} 14. Qxb7 {[%emt 0:10:18]} Nd4 {[%emt 0:00:12]} 15. O-O-O {[%emt 0:00:48]} Qa5 {[%emt 0:14:22]} 16. Bc7 {[%emt 0:31:16]} Nb6 {[%emt 0:00:14]} 17. Bd3 {[%emt 0:02:09]} Qb4 {[%emt 0:06:45]} 18. Bd6 {[%emt 0:05:50]} Rad8 {[%emt 0:09:42]} 19. Qe4 {[%emt 0:11:06]} Rxd6 {[%emt 0:01:08]} 20. exd6 {[%emt 0:00:29]} Bd7 {[%emt 0:05:46]} 21. Qh7+ {[%emt 0:08:22]} Kf8 {[%emt 0:00:00]} 22. Nf3 {[%emt 0:03:17]} Nxc4 {[%emt 0:12:52]} 23. Bxc4 {[%emt 0:01:16]} Bf5 {[%emt 0:00:25]} 24. Nxd4 {[%emt 0:04:22]} Bxh7 {[%emt 0:00:10]} 25. Nc6 {[%emt 0:00:11]} Qxc4 {[%emt 0:01:36]} 26. d7 {[%emt 0:00:19]} Bxc3 {[%emt 0:04:10]} 27. dxe8=Q+ {[%emt 0:00:10]} Kg7 {[%emt 0:00:06]} 28. Rd2 {[%emt 0:02:32]} Bxd2+ {[%emt 0:02:20]} 29. Kxd2 {[%emt 0:00:01]} Qc2+ {[%emt 0:00:32]} 30. Ke3 {[%emt 0:00:32]} Qd3+ {[%emt 0:00:33]} 31. Kf2 {[%emt 0:00:01]} Qd2+ {[%emt 0:00:15]} 32. Qe2 {[%emt 0:00:06]} Qxf4+ {[%emt 0:00:04]} 33. Qf3 {[%emt 0:01:17]} Qd2+ {[%emt 0:00:01]} 34. Kg3 {[%emt 0:00:10]} Qd6+ {[%emt 0:00:01]} 35. Kh3 {[%emt 0:00:40]} h5 {[%emt 0:01:18]} 36. Ne5 {[%emt 0:01:49]} Qxe5 {[%emt 0:00:19]} 37. g4 {[%emt 0:02:47]} hxg4+ {[%emt 0:00:32]} 38. Kxg4 {[%emt 0:00:16]} Be4 {[%emt 0:00:28]} 39. Qf1 {[%emt 0:00:42]} Bxh1 {[%emt 0:01:04]} 40. Qxh1 {[%emt 0:00:13]} Qf4+ {[%emt 0:00:02]} 41. Kh3 {[%emt 0:00:05]} Qh4+ {[%emt 0:00:20]} 42. Kg2 {[%emt 0:00:04]} Qe4+ {[%emt 0:00:04]} 43. Kg1 {[%emt 0:00:03]} Qb1+ {[%emt 0:00:04]} 44. Kg2 {[%emt 0:00:04]} Qxb2+ {[%emt 0:00:11]} 45. Kg3 {[%emt 0:00:09]} Qe5+ {[%emt 0:00:04]} 46. Kf2 {[%emt 0:00:05]} Qd4+ {[%emt 0:00:09]} 47. Ke2 {[%emt 0:00:26]} Qb2+ {[%emt 0:00:13]} 48. Kd3 {[%emt 0:00:33]} Qxa2 {[%emt 0:00:06]} 49. Qc6 {[%emt 0:00:14]} Qb3+ {[%emt 0:00:10]} 50. Ke4 {[%emt 0:00:07]} Qe6+ 0-1

[Event "UZB-ch Men Final 2019"]
[Site "Tashkent"]
[Date "2019.07.12"]
[Round "11.2"]
[White "Abdusattorov, Nodirbek"]
[Black "Khoroshev, Nikita"]
[Result "1-0"]
[WhiteElo "2598"]
[BlackElo "2414"]
[Annotator "ChessBase"]
[PlyCount "65"]
[EventDate "2019.07.02"]
[EventType "tourn"]
[EventCountry "UZB"]
[SourceTitle "playchess.com"]
[Source "ChessBase"]
[SourceQuality "1"]
[TimeControl "5400+30"]

1. e4 {[%emt 0:00:00]} d6 {[%emt 0:00:00]} 2. d4 {[%emt 0:00:00]} Nf6 {[%emt 0:00:00]} 3. Nc3 {[%emt 0:00:23]} e5 {[%emt 0:00:00]} 4. Nf3 {[%emt 0:00:23]} Nbd7 {[%emt 0:00:00]} 5. Bc4 {[%emt 0:00:18]} Be7 {[%emt 0:00:03]} 6. O-O {[%emt 0:00:15]} O-O {[%emt 0:00:04]} 7. Re1 {[%emt 0:00:25]} c6 {[%emt 0:00:04]} 8. a4 {[%emt 0:00:21]} a5 {[%emt 0:00:06]} 9. h3 {[%emt 0:04:19]} Nb6 {[%emt 0:00:07]} 10. Bd3 {[%emt 0:03:17]} Nfd7 {[%emt 0:01:51]} 11. Ne2 {[%emt 0:03:15]} exd4 {[%emt 0:00:22]} 12. Nexd4 {[%emt 0:03:21]} Nc5 {[%emt 0:00:28]} 13. b3 {[%emt 0:06:06]} Bf6 {[%emt 0:00:12]} 14. Rb1 {[%emt 0:01:23]} Re8 {[%emt 0:00:44]} 15. Ba3 {[%emt 0:03:57]} Nbd7 {[%emt 0:00:48]} 16. Nf5 {[%emt 0:15:58]} Ne5 {[%emt 0:00:34]} 17. Nxe5 {[%emt 0:02:06]} Bxe5 {[%emt 0:00:36]} 18. Qf3 {[%emt 0:04:24]} Qf6 {[%emt 0:02:12]} 19. Re2 {[%emt 0:08:01]} h5 {[%emt 0:02:25]} 20. Bxc5 {[%emt 0:02:07]} dxc5 {[%emt 0:00:18]} 21. Bc4 {[%emt 0:00:09]} Bxf5 {[%emt 0:07:34]} 22. exf5 {[%emt 0:00:19]} h4 {[%emt 0:00:12]} 23. Rbe1 {[%emt 0:01:23]} Re7 {[%emt 0:00:13]} 24. Qh5 {[%emt 0:01:11]} Rae8 {[%emt 0:00:24]} 25. Kf1 {[%emt 0:00:47]} Bd4 {[%emt 0:02:01]} 26. c3 {[%emt 0:19:46]} Bxc3 {[%emt 0:03:55]} 27. Re6 {[%emt 0:07:29]} fxe6 {[%emt 0:02:22]} 28. Rxe6 {[%emt 0:00:50]} Rxe6 {[%emt 0:00:23]} 29. Qxe8+ {[%emt 0:00:25]} Kh7 {[%emt 0:00:47]} 30. fxe6 {[%emt 0:00:48]} Qf5 {[%emt 0:01:19]} 31. Kg1 {[%emt 0:00:28]} Qb1+ {[%emt 0:05:18]} 32. Bf1 {[%emt 0:00:05]} Qg6 {[%emt 0:00:04]} 33. Bd3 {[%emt 0:00:39]} 1-0

[Event "UZB-ch Men Final 2019"]
[Site "Tashkent"]
[Date "2019.07.12"]
[Round "11.2"]
[White "Abdusattorov, Nodirbek"]
[Black "Khoroshev, Nikita"]
[Result "*"]
[WhiteElo "2598"]
[BlackElo "2414"]
[Annotator "TA"]
[PlyCount "36"]
[EventDate "2019.07.02"]
[EventType "tourn"]
[EventCountry "UZB"]
[SourceTitle "playchess.com"]
[Source "ChessBase"]
[SourceQuality "1"]

{[%evp 16,30,25,29,39,28,46,37,23,20,32,20,41,10,25,12,11]} 1. e4 d6 2. d4 Nf6 3. Nc3 e5 4. Nf3 Nbd7 5. Bc4 Be7 6. O-O O-O 7. Re1 c6 8. a4 a5 9. h3 Nb6 {C41: Philidor Defence} 10. Bd3 (10. Ba2 Nfd7 11. Be3 exd4 12. Bxd4 Nc5 13. Bxc5 dxc5 14. Qe2 Qd6 15. Rad1 Qg6 16. Ne5 Qg5 17. Nf3 Qg6 18. Ne5 Qg5 19. Nf3 Qg6 20. Ne5 Qg5 {½-½ (20) Fressinet,L (2650)-Ponomariov,R (2663) Germany 2019}) 10... Nfd7 11. Ne2 exd4 {White is slightly better.} 12. Nexd4 Nc5 13. b3 Bf6 14. Rb1 Re8 15. Ba3 Nbd7 {[#]} {Predecessor:} 16. Nf5 $146 Ne5 17. Nxe5 Bxe5 18. Bxc5 dxc5 {½-½ (35) Meier,G (2546)-Al Sayed,M (2469) Biel 2007} *

[Event "UZB-ch Men Final 2019"]
[Site "Tashkent"]
[Date "2019.07.12"]
[Round "11.3"]
[White "Sabirov, Asilbek"]
[Black "Sindarov, Javokhir"]
[Result "1/2-1/2"]
[WhiteElo "2147"]
[BlackElo "2479"]
[Annotator "ChessBase"]
[PlyCount "98"]
[EventDate "2019.07.02"]
[EventType "tourn"]
[EventCountry "UZB"]
[SourceTitle "playchess.com"]
[Source "ChessBase"]
[SourceQuality "1"]
[TimeControl "5400+30"]

1. d4 {[%emt 0:00:00]} e6 {[%emt 0:00:00]} 2. Nf3 {[%emt 0:00:00]} c5 {[%emt 0:00:00]} 3. e3 {[%emt 0:05:01]} Nc6 {[%emt 0:00:10]} 4. Be2 {[%emt 0:00:25]} Nf6 {[%emt 0:01:10]} 5. O-O {[%emt 0:00:06]} Be7 {[%emt 0:02:01]} 6. b3 {[%emt 0:00:09]} b6 {[%emt 0:01:38]} 7. Bb2 {[%emt 0:00:34]} Bb7 {[%emt 0:01:50]} 8. c4 {[%emt 0:01:04]} cxd4 {[%emt 0:14:21]} 9. Nxd4 {[%emt 0:01:54]} Nxd4 {[%emt 0:00:35]} 10. Bxd4 {[%emt 0:00:50]} Qb8 {[%emt 0:07:02]} 11. Bf3 {[%emt 0:08:47]} Bxf3 {[%emt 0:00:25]} 12. Qxf3 {[%emt 0:00:31]} O-O {[%emt 0:00:06]} 13. Nd2 {[%emt 0:00:31]} d5 {[%emt 0:11:21]} 14. Rad1 {[%emt 0:07:30]} Rd8 {[%emt 0:02:17]} 15. Bxf6 {[%emt 0:06:58]} Bxf6 {[%emt 0:00:15]} 16. cxd5 {[%emt 0:00:19]} exd5 {[%emt 0:00:09]} 17. e4 {[%emt 0:03:24]} d4 {[%emt 0:04:45]} 18. Qf5 {[%emt 0:00:52]} d3 {[%emt 0:13:38]} 19. Nc4 {[%emt 0:03:43]} Bd4 {[%emt 0:20:32]} 20. Qf3 {[%emt 0:32:24]} b5 {[%emt 0:00:50]} 21. Ne3 {[%emt 0:00:04]} Bxe3 {[%emt 0:00:45]} 22. Qxe3 {[%emt 0:00:04]} Qd6 {[%emt 0:00:03]} 23. Rd2 {[%emt 0:00:13]} Rac8 {[%emt 0:00:48]} 24. Rfd1 {[%emt 0:00:33]} Rc3 {[%emt 0:00:23]} 25. Qxa7 {[%emt 0:02:12]} b4 {[%emt 0:00:07]} 26. Qe3 {[%emt 0:00:37]} h6 {[%emt 0:00:14]} 27. h3 {[%emt 0:00:21]} Qc7 {[%emt 0:01:40]} 28. g3 {[%emt 0:00:59]} Rc1 {[%emt 0:01:27]} 29. Rxc1 {[%emt 0:00:15]} Qxc1+ {[%emt 0:00:06]} 30. Kg2 {[%emt 0:00:03]} Qc3 {[%emt 0:00:05]} 31. h4 {[%emt 0:02:27]} Rd4 {[%emt 0:00:38]} 32. Kh2 {[%emt 0:02:12]} Kh8 {[%emt 0:00:41]} 33. Kg2 {[%emt 0:01:12]} Rd8 {[%emt 0:00:56]} 34. h5 {[%emt 0:00:41]} Kg8 {[%emt 0:00:28]} 35. Kh2 {[%emt 0:03:08]} Qf6 {[%emt 0:00:35]} 36. Kg2 {[%emt 0:00:59]} Qd6 {[%emt 0:01:55]} 37. Kh2 {[%emt 0:00:35]} Qd7 {[%emt 0:02:15]} 38. Kg2 {[%emt 0:01:13]} Qb5 {[%emt 0:00:43]} 39. Qf3 {[%emt 0:02:30]} Rd4 {[%emt 0:01:29]} 40. Qe3 {[%emt 0:01:13]} Qd7 {[%emt 0:00:11]} 41. Kg1 {[%emt 0:03:43]} Rd6 {[%emt 0:01:10]} 42. Kg2 {[%emt 0:00:07]} Qb5 {[%emt 0:01:05]} 43. Qf3 {[%emt 0:00:19]} Rd4 {[%emt 0:03:15]} 44. Qe3 {[%emt 0:00:05]} Qd7 {[%emt 0:00:12]} 45. Kg1 {[%emt 0:00:07]} Kh8 {[%emt 0:00:31]} 46. Kg2 {[%emt 0:00:11]} Kh7 {[%emt 0:00:17]} 47. Qf3 {[%emt 0:00:44]} Kg8 {[%emt 0:00:19]} 48. Qe3 {[%emt 0:01:24]} Qd6 {[%emt 0:01:17]} 49. Qf3 {[%emt 0:00:44]} Qd8 {[%emt 0:00:26]} 1/2-1/2

[Event "UZB-ch Men Final 2019"]
[Site "Tashkent"]
[Date "2019.07.12"]
[Round "11.4"]
[White "Dzhumaev, Marat"]
[Black "Iuldachev, Saidali"]
[Result "1/2-1/2"]
[WhiteElo "2439"]
[BlackElo "2451"]
[Annotator "TA"]
[PlyCount "33"]
[EventDate "2019.07.02"]
[EventType "tourn"]
[EventCountry "UZB"]
[SourceTitle "playchess.com"]
[Source "ChessBase"]
[SourceQuality "1"]

{[%evp 18,33,11,11,12,19,19,16,26,11,15,15,22,0,9,0,0,-1543]} 1. e4 e5 2. Nf3 Nc6 3. Bb5 Nf6 4. O-O Nxe4 5. Re1 Nd6 6. Nxe5 Nxe5 7. Rxe5+ Be7 8. Bf1 O-O 9. d4 Bf6 10. Re1 Re8 {C67: Ruy Lopez: Berlin Defence: 4 0-0 Nxe4} 11. c3 Rxe1 12. Qxe1 Ne8 13. Nd2 (13. d5 c6 14. Qd1 b6 15. Bf4 Bb7 16. dxc6 dxc6 17. Nd2 c5 18. Nc4 Qxd1 19. Rxd1 {½-½ (40) Anand,V (2774)-Caruana,F (2819) Karlsruhe/Baden Baden 2019}) 13... d5 {The position is equal.} 14. Nf3 {[#]} Nd6 $146 ({Predecessor:} 14... Bf5 15. Bf4 Nd6 16. Qe3 c6 17. Re1 Ne4 18. Nd2 Nxd2 19. Qxd2 {½-½ (31) Zhou,W (2591)-Wen,Y (2585) China 2018}) 15. Bd3 Bf5 16. Bxf5 Nxf5 17. Qe4 $2 {[%mdl 40960] An unexpected result.} (17. Bf4 $11) 1/2-1/2

[Event "UZB-ch Men Final 2019"]
[Site "Tashkent"]
[Date "2019.07.12"]
[Round "11.5"]
[White "Abdisalimov, Abdimalik"]
[Black "Karimov, Ibragim"]
[Result "1-0"]
[WhiteElo "2391"]
[BlackElo "2211"]
[Annotator "NA"]
[PlyCount "79"]
[EventDate "2019.07.02"]
[EventType "tourn"]
[EventCountry "UZB"]
[SourceTitle "playchess.com"]
[Source "ChessBase"]
[SourceQuality "1"]
[TimeControl "5400+30"]

1. d4 {[%emt 0:00:00]} d6 {[%emt 0:00:11]} 2. e4 {[%emt 0:01:17]} Nf6 {[%emt 0:01:51]} 3. f3 {[%emt 0:00:10]} e5 {[%emt 0:04:05]} 4. d5 {[%emt 0:00:27]} c6 {[%emt 0:04:31]} 5. c4 {[%emt 0:00:20]} cxd5 {[%emt 0:00:05]} 6. cxd5 {[%emt 0:00:03]} Be7 {[%emt 0:00:05]} 7. Be3 {[%emt 0:00:08]} O-O {[%emt 0:00:10]} 8. Qd2 {[%emt 0:00:05]} Nh5 {[%emt 0:19:10]} 9. Nc3 {[%emt 0:02:46]} h6 {[%emt 0:03:29]} 10. Nge2 {[%emt 0:04:52]} a6 {[%emt 0:11:51]} 11. Ng3 {[%emt 0:07:32]} Nf6 {[%emt 0:13:05]} 12. Na4 {[%emt 0:01:02]} Nbd7 {[%emt 0:07:10]} 13. Nf5 {[%emt 0:00:16]} b5 {[%emt 0:02:04]} 14. Nc3 {[%emt 0:00:16]} Ne8 {[%emt 0:12:31]} 15. h4 {[%emt 0:00:44]} Nc5 {[%emt 0:02:30]} 16. Nxe7+ {[%emt 0:00:33]} Qxe7 {[%emt 0:00:02]} 17. g4 {[%emt 0:00:09]} Nf6 {[%emt 0:06:59]} 18. Ne2 {[%emt 0:18:02]} Nh7 {[%emt 0:05:32]} 19. Rc1 {[%emt 0:01:34]} Bd7 {[%emt 0:00:29]} 20. Ng3 {[%emt 0:00:20]} f6 {[%emt 0:00:55]} 21. Be2 {[%emt 0:04:50]} Rfc8 {[%emt 0:00:26]} 22. Kf2 {[%emt 0:00:01]} Kh8 {[%emt 0:00:29]} 23. Rc2 {[%emt 0:00:35]} Na4 {[%emt 0:00:28]} 24. Rhc1 {[%emt 0:00:35]} Rxc2 {[%emt 0:00:18]} 25. Rxc2 {[%emt 0:00:19]} f5 {[%emt 0:02:47]} 26. exf5 {[%emt 0:00:07]} Qxh4 {[%emt 0:00:07]} 27. Kg2 {[%emt 0:00:02]} h5 {[%emt 0:01:25]} 28. Nxh5 {[%emt 0:01:37]} Bxf5 {[%emt 0:00:31]} 29. Bf2 {[%emt 0:00:09]} Qe7 {[%emt 0:00:20]} 30. gxf5 {[%emt 0:00:02]} e4 {[%emt 0:00:13]} 31. Ng3 {[%emt 0:00:06]} exf3+ {[%emt 0:00:16]} 32. Bxf3 {[%emt 0:00:01]} Ng5 {[%emt 0:00:45]} 33. Qf4 {[%emt 0:00:19]} Nxf3 {[%emt 0:00:36]} 34. Qxf3 {[%emt 0:00:06]} Rf8 {[%emt 0:00:18]} 35. Qe4 {[%emt 0:01:09]} Qg5 {[%emt 0:00:15]} 36. b3 {[%emt 0:00:29]} Nc5 {[%emt 0:00:04]} 37. Bxc5 {[%emt 0:00:07]} dxc5 {[%emt 0:00:01]} 38. Rxc5 {[%emt 0:00:11]} Rf6 {[%emt 0:00:17]} 39. Qe8+ {[%emt 0:00:25]} Kh7 {[%emt 0:00:07]} 40. Qh5+ {[%emt 0:00:03]} 1-0

[Event "UZB-ch Men Final 2019"]
[Site "Tashkent"]
[Date "2019.07.12"]
[Round "11.5"]
[White "Abdisalimov, Abdimalik"]
[Black "Karimov, Ibragim"]
[Result "*"]
[WhiteElo "2391"]
[BlackElo "2211"]
[Annotator "TA"]
[PlyCount "27"]
[EventDate "2019.07.02"]
[EventType "tourn"]
[EventCountry "UZB"]
[SourceTitle "playchess.com"]
[Source "ChessBase"]
[SourceQuality "1"]

{[%evp 9,19,32,38,39,38,48,48,44,56,50,70,52]} 1. d4 d6 2. e4 Nf6 3. f3 e5 4. d5 c6 5. c4 cxd5 {White is slightly better.} ({Reject} 5... Nxe4 $6 6. fxe4 Qh4+ 7. Kd2 $16) 6. cxd5 {B07: Pirc Defence: Miscellaneous Systems} Be7 7. Be3 O-O 8. Qd2 Nh5 9. Nc3 h6 10. Nge2 {Predecessor:} Bg5 $146 11. g3 Bxe3 12. Qxe3 a6 13. h4 Nf6 14. a4 {1-0 (56) Van den Doel,E (2551)-Kleibel,U (2183) Wunsiedel 2014} *

[Event "UZB-ch Men Final 2019"]
[Site "Tashkent"]
[Date "2019.07.12"]
[Round "11.6"]
[White "Rakhimov, Rakhmatjon"]
[Black "Saydaliev, Saidakbar"]
[Result "1-0"]
[WhiteElo "2107"]
[BlackElo "2384"]
[Annotator "NA"]
[PlyCount "26"]
[EventDate "2019.07.02"]
[EventType "tourn"]
[EventCountry "UZB"]
[SourceTitle "playchess.com"]
[Source "ChessBase"]
[SourceQuality "1"]
[TimeControl "5400+30"]

1. d4 {[%emt 0:00:00]} Nf6 {[%emt 0:00:00]} 2. c4 {[%emt 0:00:00]} e6 {[%emt 0:03:02]} 3. Bf4 {[%emt 0:01:24]} c5 {[%emt 0:05:13]} 4. d5 {[%emt 0:02:50]} exd5 {[%emt 0:01:24]} 5. cxd5 {[%emt 0:00:03]} d6 {[%emt 0:00:12]} 6. Nc3 {[%emt 0:00:38]} g6 {[%emt 0:00:08]} 7. h3 {[%emt 0:00:23]} Bg7 {[%emt 0:01:14]} 8. e4 {[%emt 0:05:07]} O-O {[%emt 0:00:35]} 9. Bd3 {[%emt 0:00:42]} b5 {[%emt 0:30:28]} 10. Nxb5 {[%emt 0:12:36]} Nxe4 {[%emt 0:00:47]} 11. Ne2 {[%emt 0:00:26]} a6 {[%emt 0:09:59]} 12. Nbc3 {[%emt 0:03:11]} Nxc3 {[%emt 0:00:16]} 13. bxc3 {[%emt 0:00:53]} Qc7 {[%emt 0:00:05]} 1-0

[Event "UZB-ch Men Final 2019"]
[Site "Tashkent"]
[Date "2019.07.13"]
[Round "12.1"]
[White "Karimov, Ibragim"]
[Black "Rakhimov, Rakhmatjon"]
[Result "0-1"]
[WhiteElo "2211"]
[BlackElo "2107"]
[Annotator "ChessBase"]
[PlyCount "64"]
[EventDate "2019.07.02"]
[EventType "tourn"]
[EventCountry "UZB"]
[SourceTitle "playchess.com"]
[Source "ChessBase"]
[SourceQuality "1"]
[TimeControl "5400+30"]

1. e4 {[%emt 0:00:00]} c5 {[%emt 0:00:00]} 2. Nf3 {[%emt 0:00:00]} d6 {[%emt 0:00:35]} 3. d4 {[%emt 0:03:08]} Nf6 {[%emt 0:00:58]} 4. Nc3 {[%emt 0:13:59]} cxd4 {[%emt 0:00:51]} 5. Nxd4 {[%emt 0:00:05]} e5 {[%emt 0:01:36]} 6. Nb3 {[%emt 0:08:27]} Be6 {[%emt 0:00:49]} 7. Be2 {[%emt 0:00:49]} Nc6 {[%emt 0:04:00]} 8. O-O {[%emt 0:01:19]} Be7 {[%emt 0:05:35]} 9. f4 {[%emt 0:08:14]} exf4 {[%emt 0:12:21]} 10. Bxf4 {[%emt 0:00:09]} O-O {[%emt 0:02:46]} 11. Qe1 {[%emt 0:08:32]} d5 {[%emt 0:12:23]} 12. exd5 {[%emt 0:06:07]} Nxd5 {[%emt 0:00:36]} 13. Nxd5 {[%emt 0:00:09]} Bxd5 {[%emt 0:01:38]} 14. Rd1 {[%emt 0:04:29]} Qb6+ {[%emt 0:06:35]} 15. Kh1 {[%emt 0:00:17]} Be4 {[%emt 0:02:27]} 16. Bd3 {[%emt 0:03:47]} Bxd3 {[%emt 0:00:38]} 17. Rxd3 {[%emt 0:00:02]} Bf6 {[%emt 0:02:03]} 18. Qg3 {[%emt 0:02:33]} Bxb2 {[%emt 0:10:45]} 19. c3 {[%emt 0:02:33]} Qb5 {[%emt 0:00:14]} 20. Bd6 {[%emt 0:11:46]} Rfe8 {[%emt 0:04:23]} 21. Rdf3 {[%emt 0:10:41]} Re3 {[%emt 0:01:28]} 22. Qf4 {[%emt 0:04:55]} Rxf3 {[%emt 0:00:14]} 23. Rxf3 {[%emt 0:00:36]} Qd5 {[%emt 0:03:42]} 24. h3 {[%emt 0:03:17]} Re8 {[%emt 0:01:04]} 25. Kh2 {[%emt 0:02:34]} Re2 {[%emt 0:02:07]} 26. Bb4 {[%emt 0:01:21]} g5 {[%emt 0:03:40]} 27. Qg4 {[%emt 0:01:13]} Nxb4 {[%emt 0:00:40]} 28. Nd4 {[%emt 0:01:02]} Qe5+ {[%emt 0:07:34]} 29. Rg3 {[%emt 0:00:13]} Rf2 {[%emt 0:02:33]} 30. Nf3 {[%emt 0:00:44]} Rxf3 {[%emt 0:00:46]} 31. Qxf3 {[%emt 0:01:10]} Nd5 {[%emt 0:00:55]} 32. c4 {[%emt 0:00:45]} Nf6 {[%emt 0:00:37]} 0-1

[Event "UZB-ch Men Final 2019"]
[Site "Tashkent"]
[Date "2019.07.13"]
[Round "12.2"]
[White "Iuldachev, Saidali"]
[Black "Abdisalimov, Abdimalik"]
[Result "*"]
[WhiteElo "2451"]
[BlackElo "2391"]
[Annotator "TA"]
[PlyCount "35"]
[EventDate "2019.07.02"]
[EventType "tourn"]
[EventCountry "UZB"]
[SourceTitle "playchess.com"]
[Source "ChessBase"]
[SourceQuality "1"]

{[%evp 15,35,-20,-22,-52,-35,-69,-80,-81,-73,-66,-89,-65,-62,-90,-81,-78,-81,-110,-90,-167,-154,-208]} 1. e4 c5 2. Nc3 a6 3. g3 b5 {[%cal Bb7b5,Bb5b4][%mdl 32]} 4. Bg2 Bb7 5. Nge2 Nf6 6. O-O e6 7. d4 cxd4 8. Nxd4 b4 9. Nd5 {B43: Sicilian: Kan Variation: 5 Nc3} (9. Na4 Bxe4 10. Bxe4 Nxe4 11. Re1 Nc5 12. c4 Nxa4 13. Qxa4 Bc5 14. Nb3 Be7 15. c5 Nc6 16. Bf4 O-O 17. Rad1 {½-½ (50) Vallejo Pons,F (2711)-Ghaem Maghami,E (2551) Almaty 2016}) 9... exd5 10. exd5 {[#] aiming for Re1+.} Bc5 $1 11. a3 $146 {Black is better.} ({Predecessor:} 11. Re1+ Kf8 12. Nf5 Qb6 13. Qe2 h6 14. Bf4 a5 15. d6 Nc6 16. Qf3 Nd8 {0-1 (24) Apryshko,G (2385)-Iljin,A (2509) St Petersburg 2018}) 11... O-O {Threatens to win with ...bxa3.} ({And not} 11... Bxd5 12. Bxd5 Nxd5 13. Nb3 $16) 12. axb4 Bxb4 13. c3 {Black must now prevent Qb3.} Bc5 14. b4 Bxd4 15. Qxd4 d6 16. c4 a5 17. bxa5 (17. Bf4 $17 {was worth a try.}) 17... Rxa5 18. Bf4 (18. Rxa5 $17 Qxa5 19. Bf4) *

[Event "UZB-ch Men Final 2019"]
[Site "Tashkent"]
[Date "2019.07.13"]
[Round "12.3"]
[White "Sindarov, Javokhir"]
[Black "Dzhumaev, Marat"]
[Result "1-0"]
[WhiteElo "2479"]
[BlackElo "2439"]
[Annotator "TA"]
[PlyCount "105"]
[EventDate "2019.07.02"]
[EventType "tourn"]
[EventCountry "UZB"]
[SourceTitle "playchess.com"]
[Source "ChessBase"]
[SourceQuality "1"]

{[%evp 13,105,12,14,12,12,0,23,8,20,17,39,0,0,0,16,23,32,41,24,23,33,30,35,37,54,43,46,28,59,0,64,0,0,0,6,0,0,6,6,0,22,10,55,19,17,0,43,42,43,33,35,35,28,28,41,37,33,46,66,48,68,68,68,68,72,62,111,131,256,261,248,216,341,341,341,241,339,342,293,174,547,467,619,612,6042,2882,29948,9503,29970,29971,29981,29982,29977,29977]} 1. e4 e5 2. Nf3 Nf6 3. Nxe5 d6 4. Nf3 Nxe4 5. Nc3 Nxc3 6. dxc3 Be7 7. Be3 O-O 8. Qd2 {C42: Petroff Defence: 3 Nxe5 and unusual White 3rd moves} Nd7 9. O-O-O c6 (9... Nf6 10. Bd3 d5 11. Rhe1 Bg4 12. Bg5 Ne4 13. Bxe4 dxe4 14. Bxe7 Qxe7 15. Qf4 f5 {½-½ (78) Nepomniachtchi,I (2773)-Wei,Y (2736) Abidjan 2019}) 10. c4 {White has an edge.} Nf6 11. Bd3 d5 12. Qc3 Re8 $146 ({Predecessor:} 12... Qc7 13. cxd5 Rd8 14. dxc6 bxc6 15. Bc4 Bd7 {1-0 (47) Zakoscielna,K (2125)-Kaplan,E (1878) Herceg Novi 2008}) 13. Kb1 Bg4 14. Rhe1 Qc7 15. cxd5 Nxd5 16. Bxh7+ $1 Kxh7 {[#]} 17. Rxd5 $1 {[%mdl 576] Pin} Bf6 (17... cxd5 18. Qxc7) 18. Qc5 Qb6 19. Qxb6 axb6 20. Rd2 Ra4 21. h3 (21. a3 $14) 21... Bf5 (21... Bxf3 $1 $11 22. gxf3 Rb4) 22. g4 (22. Rg1 $14) 22... Be4 $1 $11 {[%cal Re4f3]} 23. g5 Be7 24. Rd4 Rxd4 25. Nxd4 Kg6 26. Ne2 c5 27. h4 Bf3 28. Nf4+ Kf5 29. Bc1 Bc6 30. Nh5 Bf8 31. Ng3+ Kg4 32. Rxe8 Bxe8 $14 {[%mdl 4096] Endgame KBB-KBN} 33. h5 $1 f5 34. gxf6 gxf6 35. h6 Bg6 36. Ne2 Be4 37. Nc3 Bc6 $1 38. b3 b5 39. Be3 b6 40. a4 b4 (40... bxa4 $16 41. Nxa4 c4) 41. Nb5 $18 Be4 {[#]} 42. Nc7 $1 Be7 {[#]} (42... Kf3 $142 43. Kc1 Kg4) 43. Nd5 $1 {[%mdl 512]} Bd8 (43... Bxd5 44. h7) 44. Bc1 Bh7 (44... Kh5 $142 45. f3 Bh7 46. Nf4+ Kh4) 45. Bf4 Kh5 46. Kc1 (46. Bc7 $142 Bxc7 47. Nxc7) 46... f5 $2 (46... Bg8 47. Bc7 Kxh6 48. Bxd8 Bxd5 49. Bxb6 c4) 47. Bc7 Bh4 48. Bxb6 Bxf2 49. Nf6+ Kxh6 50. Nxh7 Kxh7 51. a5 {[%cal Ba4a5,Ba5a6,Ba6a7][%mdl 32] White mates.} f4 52. a6 f3 53. a7 {Accuracy: White = 73%, Black = 32%.} 1-0